000 00331nam a2200133Ia 4500
008 191201s2005 xx 000 0 und d
082 _a004.22
_bMAM
100 _aMATHIVANAN, N
245 0 _aMicroprocessors PC Hardware and Interfacing
260 _aN.Delhi
_bPHI
_c2005
300 _a519
650 _aB.Tech(CSE)
942 _2ddc
_cBK
999 _c1225
_d1225